| 000 | nam a22 7a 4500 | ||
|---|---|---|---|
| 999 |
_c128478 _d128478 |
||
| 008 | 181101b xxu||||| |||| 00| 0 eng d | ||
| 050 |
_aSPC. DT1.T45 _bM112 |
||
| 100 |
_aMabiri, Fradreck _943205 |
||
| 245 |
_aTowards a christian spirituality of communion with the living dead with reference to the Shona (Zezuru) people of Chinhoyi diocese in Zimbabwe _ba thesis submitted to the faculty of theology in partial fulfilment for the requirements for the Degree of Licentiate in Spiritual Theology _c/ Fradreck Mabiri |
||
| 260 |
_aNairobi _bThe Catholic University of Eastern Africa _c2007 |
||
| 300 |
_axiv, 130p. ; _c29cm. |
||
| 500 | _aThesis | ||
| 650 |
_aShona (African people) _xReligion _926405 |
||
| 650 |
_aCommunion with the living dead _943206 |
||
| 942 |
_2lcc _cMONOGRAPH |
||